Poesías castellanas completas

Salvato in:
Dettagli Bibliografici
Autore principale: VEGA, GARCILASO DE LA (Autore)
Natura: Libro
Lingua:spagnolo
Pubblicazione: Madrid Castalia 1979
Serie:Clásicos Castalia
Soggetti:
Tags: Aggiungi Tag
Nessun Tag, puoi essere il primo ad aggiungerne!!

MARC

LEADER 00000nam a2200000 a 4500
001 UCQ5201
003 CL-VaPUC
008 980925e19790000SP |||||||||||||||||spa|d
082 0 4 |a 861  |b GAR  |2 21 
100 |a VEGA, GARCILASO DE LA  |e author  |9 508868 
245 1 0 |a Poesías castellanas completas 
300 |a 211 p 
942 |c BK 
945 |d 19980925 00:00:00  |a crobeson 
260 |a Madrid  |b Castalia  |c 1979 
650 0 |a Poesías españolas  |9 265100 
650 0 |a Literatura española  |9 306261 
583 |a last modification  |c 19980925 00:00:00  |k Rodrigo Vera 
490 0 |a Clásicos Castalia 
999 |c 275416  |d 275414 
952 |0 0  |1 0  |4 0  |6 861_000000000000000_GAR_1979  |7 0  |8 A  |9 312157  |a BIBEDU  |b BIBEDU  |d 2019-11-20  |i 1469061  |o 861 GAR 1979  |p 1469061  |r 2019-11-20  |w 2019-11-20  |y BK  |k LIT